Énigme One piece #1 - Statistiques

Statistiques générales
  • Ce quiz a été pris 3 287 fois
  • Le résultat moyen est 18 sur 26
Statistiques - réponses
Lettre Indice Réponse % Correct
O Il fut une alliance avec G Monkey D. Luffy
92%
K Il fut élevé par T Portgas D. Ace
90%
V Il rivalisait avec B Shanks
90%
B Il est le premier grand corsaire à être apparu Dracule Mihawk
89%
M I, R et V ont fait partie de son équipage Gold D Roger
87%
E K a fait partie de son équipage Barbe blanche
85%
L Il devait se marier avec W Vinsmoke Sanji
85%
C Il affronta X et B en duel Roronoa Zoro
84%
U Elle fit partie du même équipage que M et Y Big Mom
81%
I Il a mangé son fruit du démon a cause de V Baggy le Clown
80%
G Il fut membre des grands corsaires Trafalgar D. Water Law
80%
Z Il possède le même fruit du démon que K Sabo
79%
Y Sa cicatrice fut infligée par R Kaido
78%
R Il a fait partie de l’équipage d'E et M Oden Kozuki
72%
W Elle est la fille d'U Pudding
71%
J Il est le fils de Q Ussop
69%
Q Il fait partie de l'équipage de V Yassop
67%
A Il fut le second de M Silvers Rayleigh
64%
F il est le fils d'U et affronta O Charlotte Katakuri
63%
P Son père est Y Yamato
60%
T Elle éleva K et O Dadan
59%
H Il a combattu avec G contre U Eustass Kidd
57%
D Il est capitaine de la seconde flotte d'O Bartolomeo
52%
N Elle est la sœur de L Reiju
46%
S Il sauva L Zeff
39%
X Il est originaire du même pays que R Ryuma
23%
Aucun quiz correspondant
Distribution des résultats
% des personnes avec chaque résultat
Percentile par nombre de réponses
Votre historique - résultats
Vous n’avez pas pris ce quiz